| 000 | 00592nam a22001697a 4500 | ||
|---|---|---|---|
| 005 | 20251108175813.0 | ||
| 008 | 250721s2022 xx 000 0 ara d | ||
| 082 | 1 | 4 | _a371.337/نمر |
| 100 | 1 | _aنمر، انسام محمد | |
| 245 | 1 | 0 | _aاستراتيجية التلعيب و دورها في اكتساب المفاهيم العلمية / |
| 264 | 1 |
_aعمان : _bدار اليازوري العلمية للنشر و التوزيع، _c2022. |
|
| 300 | _a300ص. | ||
| 650 | 1 | 7 | _aاساليب التدريس |
| 650 | 1 | 7 | _aاللعب(تدريس) |
| 942 |
_2ddc _cBK |
||
| 999 |
_c142813 _d142813 |
||